| 000 | 00698nam a2200217 i 4500 | ||
|---|---|---|---|
| 001 | 44197 | ||
| 003 | ES-MaACL | ||
| 005 | 20251017063046.0 | ||
| 007 | t| | ||
| 008 | 030320s1961 sp ||||1| spa d | ||
| 080 | _a75(460.23)"19" | ||
| 100 | 1 |
_aCirlot, Juan-Eduardo, _d1916-1973 _938898 |
|
| 245 | 1 | 0 |
_aPintura catalana contemporánea / _cJuan-Eduardo Cirlot ; con 5 ilustraciones en color y 54 en negro. |
| 260 |
_aBarcelona : _bOmega, _c[1961] |
||
| 300 |
_a68 p., V lám. col. adher., [54] h. de lám. ; _c24 cm. |
||
| 490 | 1 | _aPoliedro | |
| 650 | 4 |
_aPintura- _zCataluña- _yS.XX. _9159053 |
|
| 830 | 1 |
_aPoliedro _9182008 |
|
| 852 |
_aES-MaACL _jC-20749 |
||
| 999 |
_c44197 _d44197 |
||